[Event "Malaya Zemlya op"]
[Site "Novorossiysk"]
[Date "2021.07.20"]
[Round "9"]
[White "Potapova, Margarita"]
[Black "Morgachev, Sergey"]
[Result "1/2-1/2"]
[WhiteElo "2260"]
[BlackElo "2088"]
[PlyCount "65"]
[EventDate "2021.07.12"]
[EventType "swiss"]
[EventRounds "9"]
[EventCountry "RUS"]
[SourceTitle "CBM 203 Extra"]
[Source "ChessBase"]
[SourceDate "2021.09.30"]
[SourceVersion "1"]
[SourceVersionDate "2021.09.30"]
[SourceQuality "1"]

1. d4 d5 2. c4 e6 3. Nf3 c6 4. g3 dxc4 5. Bg2 b5 6. Ne5 Bb7 7. 0-0 Qc8 8. a4 Nd7 9. Nc3 Ngf6 10. Bf4 Be7 11. e4 0-0 12. Qc2 a6 13. Rfd1 Nh5 14. Be3 Nhf6 15. Bf4 Nh5 16. Qe2 Nxf4 17. gxf4 Qc7 18. Nxd7 Qxd7 19. e5 Qc7 20. Rac1 f5 21. Qf3 Rab8 22. Qe3 Rfd8 23. Bf3 Qb6 24. Bg2 Rd7 25. axb5 axb5 26. Rd2 Rbd8 27. Rcd1 Bb4 28. h4 Ba5 29. h5 Qc7 30. Qh3 Qb6 31. Qe3 Qc7 32. Qh3 Qb6 33. Qe3 1/2-1/2

[Event "Malaya Zemlya Rapid op"]
[Site "Novorossiysk"]
[Date "2021.07.10"]
[Round "3"]
[White "Kryakvin, Dmitry"]
[Black "Morgachev, Sergey"]
[Result "1-0"]
[WhiteElo "2574"]
[BlackElo "2088"]
[PlyCount "99"]
[EventDate "2021.07.10"]
[EventType "swiss (rapid)"]
[EventRounds "9"]
[EventCountry "RUS"]
[SourceTitle "CBM 203 Extra"]
[Source "ChessBase"]
[SourceDate "2021.09.30"]
[SourceVersion "1"]
[SourceVersionDate "2021.09.30"]
[SourceQuality "1"]

1. d4 d5 2. c4 e6 3. Nf3 Nf6 4. Bg5 h6 5. Bxf6 Qxf6 6. e3 g6 7. Nbd2 Bg7 8. Bd3 c6 9. 0-0 0-0 10. b4 Nd7 11. Qb3 a6 12. a4 Rd8 13. Rac1 e5 14. cxd5 cxd5 15. dxe5 Nxe5 16. Nxe5 Qxe5 17. Nf3 Qd6 18. Nd4 Be6 19. Rc5 Rac8 20. Rfc1 Bxd4 21. exd4 Qf4 22. Qb2 b6 23. Rxc8 Rxc8 24. Rxc8+ Bxc8 25. Qc3 Qg4 26. f3 Qe6 27. Kf2 Kg7 28. a5 b5 29. Qc7 Bd7 30. Qa7 Qc6 31. Qc5 Qe6 32. Bc2 Qc6 33. Bb3 Qxc5 34. dxc5 Bc6 35. Ke3 Kf6 36. Kd4 Ke6 37. f4 f5 38. h3 Bb7 39. g4 fxg4 40. hxg4 h5 41. gxh5 gxh5 42. Bd1 h4 43. Bg4+ Ke7 44. Bh3 Bc6 45. Ke5 Bd7 46. f5 Kf7 47. Kxd5 Kf6 48. c6 Bc8 49. Kd6 Kg5 50. f6 1-0

[Event "Cheliabinsk Panchenko Memorial op-A"]
[Site "Cheliabinsk"]
[Date "2020.09.09"]
[Round "3"]
[White "Zakhartsov, Vladimir"]
[Black "Morgachev, Sergey"]
[Result "1-0"]
[WhiteElo "2486"]
[BlackElo "2133"]
[PlyCount "77"]
[EventDate "2020.09.07"]
[EventType "swiss"]
[EventRounds "9"]
[EventCountry "RUS"]
[SourceTitle "CBM 198 Extra"]
[Source "ChessBase"]
[SourceDate "2020.11.30"]
[SourceVersion "1"]
[SourceVersionDate "2020.11.30"]
[SourceQuality "1"]

1. e4 c5 2. Nf3 Nc6 3. Bb5 g6 4. 0-0 Bg7 5. Re1 Nf6 6. Nc3 0-0 7. d3 Nd4 8. e5 Nxb5 9. Nxb5 Nd5 10. d4 d6 11. c4 Nc7 12. exd6 exd6 13. Bg5 f6 14. Nxc7 Qxc7 15. Bf4 Rd8 16. dxc5 Qxc5 17. Rc1 Bg4 18. h3 Bxf3 19. Qxf3 Qc6 20. Qxc6 bxc6 21. Re6 f5 22. Bxd6 Bxb2 23. Rb1 Bd4 24. c5 Re8 25. Rbe1 Rxe6 26. Rxe6 a5 27. Re7 a4 28. Rc7 Rb8 29. Rxc6 Rb1+ 30. Kh2 Bxf2 31. Rc8+ Kf7 32. c6 Rc1 33. Be5 g5 34. c7 f4 35. g4 fxg3+ 36. Kg2 Bb6 37. Rh8 Ke6 38. c8Q+ Rxc8 39. Rxc8 1-0

[Event "Moscow op-A 16th"]
[Site "Moscow"]
[Date "2020.01.29"]
[Round "5"]
[White "Morgachev, Sergey"]
[Black "Hoghmrtsyan, Artur"]
[Result "0-1"]
[WhiteElo "2142"]
[BlackElo "2280"]
[PlyCount "110"]
[EventDate "2020.01.25"]
[EventType "swiss"]
[EventRounds "9"]
[EventCountry "RUS"]
[SourceTitle "CBM 194 Extra"]
[Source "ChessBase"]
[SourceDate "2020.03.31"]
[SourceVersion "1"]
[SourceVersionDate "2020.03.31"]
[SourceQuality "1"]

1. d4 d5 2. c4 e6 3. Nf3 Nf6 4. g3 dxc4 5. Bg2 c5 6. 0-0 Nc6 7. dxc5 Qxd1 8. Rxd1 Bxc5 9. Nbd2 c3 10. bxc3 0-0 11. Nb3 Be7 12. c4 e5 13. Bb2 Nd7 14. Ne1 Nb6 15. Rac1 Na4 16. Ba1 Ba3 17. Rc2 Bf5 18. e4 Be6 19. f4 exf4 20. gxf4 f6 21. f5 Bf7 22. Rd7 Rab8 23. e5 Nxe5 24. Bxe5 fxe5 25. Rxb7 Nc5 26. Rxb8 Rxb8 27. Nf3 Nxb3 28. axb3 Bc5+ 29. Kf1 e4 30. Ne5 Rxb3 31. Nxf7 Kxf7 32. Bxe4 Kf6 33. Ra2 Rc3 34. Rc2 Ra3 35. Rb2 Ke5 36. Rb5 Kd4 37. Bd5 a5 38. Rb7 a4 39. Rxg7 Ra1+ 40. Ke2 a3 41. Rg8 Ra2+ 42. Kf3 Kc3 43. Ra8 Rf2+ 44. Kg4 a2 45. f6 Kb2 46. Rb8+ Kc1 47. Ra8 Bd4 48. f7 a1Q 49. Rxa1+ Bxa1 50. c5 Rf6 51. c6 Be5 52. Kg5 h6+ 53. Kh5 Kd2 54. Be4 Rxf7 55. Kxh6 Bxh2 0-1

[Event "Eurasia Cup op"]
[Site "Ekaterinburg"]
[Date "2019.08.06"]
[Round "6"]
[White "Pranizin, Gennady"]
[Black "Morgachev, Sergey"]
[Result "1-0"]
[WhiteElo "2232"]
[BlackElo "1965"]
[PlyCount "81"]
[EventDate "2019.07.31"]
[EventType "swiss"]
[EventRounds "9"]
[EventCountry "RUS"]
[SourceTitle "CBM 191 Extra"]
[Source "ChessBase"]
[SourceDate "2019.09.30"]
[SourceVersion "1"]
[SourceVersionDate "2019.09.30"]
[SourceQuality "1"]

1. e4 c5 2. Nc3 Nc6 3. g3 g6 4. Bg2 Bg7 5. Nge2 e6 6. 0-0 Nge7 7. d3 d6 8. Bg5 0-0 9. Qd2 Rb8 10. a4 a6 11. Bh6 e5 12. Bxg7 Kxg7 13. f4 f6 14. Rf2 Bg4 15. h3 Bxe2 16. Qxe2 Qd7 17. Raf1 Nd4 18. Qe3 b5 19. axb5 axb5 20. g4 Ne6 21. Ne2 g5 22. fxg5 fxg5 23. Rxf8 Rxf8 24. Rxf8 Kxf8 25. Qf2+ Kg7 26. c3 Qa7 27. Ng3 Nf4 28. Bf1 Qb6 29. Nh5+ Kg6 30. h4 h6 31. hxg5 hxg5 32. Nxf4+ exf4 33. Qh2 Qd8 34. d4 c4 35. Qh5+ Kf6 36. Qh6+ Ng6 37. e5+ dxe5 38. dxe5+ Kxe5 39. Qxg6 Qd2 40. Qxg5+ Kd6 41. Qd8+ 1-0

[Event "Eurasia Cup op"]
[Site "Ekaterinburg"]
[Date "2019.08.02"]
[Round "3"]
[White "Morgachev, Sergey"]
[Black "Akhtariev, Andrey"]
[Result "1-0"]
[WhiteElo "2036"]
[BlackElo "2243"]
[PlyCount "117"]
[EventDate "2019.07.31"]
[EventType "swiss"]
[EventRounds "9"]
[EventCountry "RUS"]
[SourceTitle "CBM 191 Extra"]
[Source "ChessBase"]
[SourceDate "2019.09.30"]
[SourceVersion "1"]
[SourceVersionDate "2019.09.30"]
[SourceQuality "1"]

1. d4 Nf6 2. c4 e6 3. g3 Bb4+ 4. Bd2 Qe7 5. Nf3 Nc6 6. Nc3 0-0 7. Bg2 d6 8. 0-0 a5 9. Qc2 h6 10. e4 Bxc3 11. Bxc3 e5 12. d5 Nb4 13. Qb1 Na6 14. Nd2 Nc5 15. b3 Nh7 16. f4 exf4 17. gxf4 f5 18. e5 dxe5 19. fxe5 Nf6 20. e6 g6 21. Qe1 Ra6 22. Qg3 Kh7 23. Bd4 b6 24. Rae1 Bb7 25. Qc3 Raa8 26. a3 Rae8 27. b4 axb4 28. axb4 Nce4 29. Nxe4 Nxe4 30. Bxe4 fxe4 31. Bf6 Qd6 32. Be5 Qe7 33. Bf6 Qd6 34. b5 Ra8 35. Qe5 Qc5+ 36. Qd4 Rxf6 37. Qxc5 Rxf1+ 38. Rxf1 bxc5 39. Rf7+ Kg8 40. Rxc7 Bc8 41. Rxc5 Kg7 42. Rc7+ Kf6 43. e7 Bh3 44. Kf2 Kf7 45. Ke3 Bf5 46. b6 Ra3+ 47. Kd4 Rd3+ 48. Kc5 Rb3 49. Ra7 e3 50. d6 Bg4 51. Ra8 Bd7 52. Rf8+ Ke6 53. e8Q+ Bxe8 54. Rxe8+ Kd7 55. Re7+ Kd8 56. Kc6 Rb4 57. c5 Rb3 58. b7 g5 59. Rxe3 1-0

[Event "Eurasia Cup op"]
[Site "Ekaterinburg"]
[Date "2019.07.31"]
[Round "1"]
[White "Davtyan, Artur"]
[Black "Morgachev, Sergey"]
[Result "1-0"]
[WhiteElo "2440"]
[BlackElo "2036"]
[PlyCount "85"]
[EventDate "2019.07.31"]
[EventType "swiss"]
[EventRounds "9"]
[EventCountry "RUS"]
[SourceTitle "CBM 191 Extra"]
[Source "ChessBase"]
[SourceDate "2019.09.30"]
[SourceVersion "1"]
[SourceVersionDate "2019.09.30"]
[SourceQuality "1"]

1. d4 Nf6 2. Nf3 e6 3. c4 b6 4. g3 Ba6 5. Qa4 Bb7 6. Bg2 c5 7. dxc5 bxc5 8. 0-0 Be7 9. Nc3 0-0 10. Rd1 Qb6 11. Bf4 Rd8 12. Rd2 d6 13. Rad1 h6 14. Qb5 Ne8 15. e4 Nd7 16. e5 Qxb5 17. Nxb5 d5 18. cxd5 Bxd5 19. Ne1 Nb6 20. b3 a6 21. Nc3 Nc7 22. Be3 Bxg2 23. Rxd8+ Rxd8 24. Rxd8+ Bxd8 25. Kxg2 Be7 26. Ne4 Nd7 27. Nd3 Nd5 28. Bxc5 Nxc5 29. Nexc5 Nc7 30. b4 Kf8 31. f4 Ke8 32. Kf3 Kd8 33. g4 g6 34. h3 Kc8 35. a4 Kb8 36. f5 gxf5 37. gxf5 exf5 38. Kf4 Ka7 39. Kxf5 Nd5 40. e6 f6 41. a5 Nxb4 42. Nxb4 Bxc5 43. e7 1-0

[Event "Voronezh op-B 22nd"]
[Site "Voronezh"]
[Date "2018.06.20"]
[Round "9"]
[White "Morgachev, Sergey"]
[Black "Stepanenko, Kirill"]
[Result "0-1"]
[WhiteElo "1889"]
[BlackElo "1784"]
[PlyCount "76"]
[EventDate "2018.06.12"]
[EventType "swiss"]
[EventRounds "9"]
[EventCountry "RUS"]
[SourceTitle "CBM 185 Extra"]
[Source "ChessBase"]
[SourceDate "2018.07.29"]
[SourceVersion "1"]
[SourceVersionDate "2018.07.29"]
[SourceQuality "1"]

1. d4 d5 2. c4 dxc4 3. e3 a6 4. Bxc4 e6 5. Nf3 b5 6. Bb3 Bb7 7. 0-0 Nf6 8. Nc3 c5 9. Qe2 Nc6 10. Rd1 c4 11. Bc2 Be7 12. e4 Nb4 13. e5 Nfd5 14. Bb1 Nxc3 15. bxc3 Nd5 16. Qc2 Qa5 17. Bb2 Ba3 18. Rc1 g6 19. Nd2 Nf4 20. Bxa3 Qxa3 21. Re1 Nxg2 22. Rf1 Nf4 23. Ne4 0-0 24. Qd2 Bxe4 25. Bxe4 Nd5 26. Bxd5 exd5 27. f4 Kh8 28. f5 gxf5 29. Rxf5 Rg8+ 30. Kh1 Rg7 31. Raf1 Rf8 32. Rg5 Rfg8 33. Rgf5 Qe7 34. Qf4 Rg4 35. Qf2 a5 36. Rxf7 Qg5 37. e6 Re4 38. Re1 Rxe1+ 0-1

[Event "Voronezh op-B 22nd"]
[Site "Voronezh"]
[Date "2018.06.14"]
[Round "3"]
[White "Morgachev, Sergey"]
[Black "Suleymanov, Emirlan"]
[Result "1/2-1/2"]
[WhiteElo "1889"]
[BlackElo "1701"]
[PlyCount "122"]
[EventDate "2018.06.12"]
[EventType "swiss"]
[EventRounds "9"]
[EventCountry "RUS"]
[SourceTitle "CBM 185 Extra"]
[Source "ChessBase"]
[SourceDate "2018.07.29"]
[SourceVersion "1"]
[SourceVersionDate "2018.07.29"]
[SourceQuality "1"]

1. d4 Nf6 2. c4 g6 3. Nc3 Bg7 4. Nf3 d6 5. Bg5 h6 6. Bh4 0-0 7. e3 Nbd7 8. h3 e5 9. Be2 c6 10. 0-0 Qc7 11. Bg3 Ne8 12. Qc2 f5 13. Bh2 g5 14. dxe5 dxe5 15. Nd4 Nc5 16. b4 Na6 17. a3 Qe7 18. Nb3 f4 19. Rad1 Qf7 20. Ne4 Bf5 21. exf4 exf4 22. f3 Nf6 23. Nxf6+ Qxf6 24. Bd3 Bxd3 25. Rxd3 Rad8 26. Rfd1 Qf5 27. Qd2 Rxd3 28. Qxd3 Qxd3 29. Rxd3 Nc7 30. Na5 b5 31. c5 Rf6 32. Rd6 Ne8 33. Rxc6 Rxc6 34. Nxc6 Bb2 35. Nxa7 Bxa3 36. Nxb5 Bxb4 37. c6 Ba5 38. g3 Nc7 39. Nxc7 Bxc7 40. gxf4 gxf4 41. Kg2 Kf7 42. Kf2 Ke6 43. Ke2 Kd5 44. Kd3 h5 45. Bg1 Bd6 46. Bd4 Bc7 47. Bg7 Bd6 48. Bh6 Be5 49. Bg5 Bc7 50. Bh4 Bb6 51. Bg5 Bc7 52. h4 Bd6 53. Bd8 Kxc6 54. Ke4 Kd7 55. Bg5 Ke6 56. Bxf4 Bf8 57. Bg5 Bd6 58. f4 Bf8 59. f5+ Kf7 60. f6 Ke6 61. Kd4 Ba3 1/2-1/2

[Event "Voronezh op-B 22nd"]
[Site "Voronezh"]
[Date "2018.06.12"]
[Round "1"]
[White "Morgachev, Sergey"]
[Black "Kuritsina, Zlata"]
[Result "1-0"]
[WhiteElo "1889"]
[BlackElo "1508"]
[PlyCount "89"]
[EventDate "2018.06.12"]
[EventType "swiss"]
[EventRounds "9"]
[EventCountry "RUS"]
[SourceTitle "CBM 185 Extra"]
[Source "ChessBase"]
[SourceDate "2018.07.29"]
[SourceVersion "1"]
[SourceVersionDate "2018.07.29"]
[SourceQuality "1"]

1. d4 d5 2. c4 e6 3. Nc3 Bb4 4. cxd5 exd5 5. Bf4 Nf6 6. e3 0-0 7. Bd3 Nc6 8. Nge2 Ne7 9. Qc2 a6 10. a3 Bd6 11. Bg5 Ng6 12. Nxd5 Be7 13. Nxe7+ Qxe7 14. 0-0 Qd6 15. Nf4 c6 16. Nxg6 fxg6 17. Bf4 Qe7 18. b4 Nd5 19. Bg3 Bd7 20. Qc5 Rfe8 21. Qxe7 Rxe7 22. e4 Nc3 23. f3 Nb5 24. Bc4+ Be6 25. d5 cxd5 26. exd5 Bf7 27. Rfc1 Nd4 28. d6 Rd7 29. Kf2 Bxc4 30. Rxc4 Nf5 31. Rc7 Rad8 32. Rac1 b5 33. Rxd7 Rxd7 34. Rc6 Nxg3 35. hxg3 Kf7 36. Rxa6 Rb7 37. Ke3 Ke6 38. Kd4 Kd7 39. Kc5 h5 40. Ra8 g5 41. Rg8 Ke6 42. Kc6 Ra7 43. Re8+ Kf7 44. d7 Rxa3 45. d8Q 1-0

[Event "Samara Polugaevsky Memorial 7th"]
[Site "Samara"]
[Date "2017.07.14"]
[Round "7"]
[White "Popov, Alexey"]
[Black "Morgachev, Sergey"]
[Result "1/2-1/2"]
[WhiteElo "2058"]
[BlackElo "1835"]
[PlyCount "63"]
[EventDate "2017.07.08"]
[EventType "swiss"]
[EventRounds "9"]
[EventCountry "RUS"]
[SourceTitle "EXT 2018"]
[Source "ChessBase"]
[SourceDate "2017.10.13"]
[SourceVersion "1"]
[SourceVersionDate "2017.10.13"]
[SourceQuality "1"]

1. d4 Nf6 2. c4 e6 3. Nc3 Bb4 4. e3 c5 5. Nge2 cxd4 6. exd4 d5 7. a3 Be7 8. Nf4 0-0 9. cxd5 Nxd5 10. Ncxd5 exd5 11. Bd3 Nc6 12. 0-0 g6 13. Be3 Bf6 14. Qf3 Nxd4 15. Qxd5 Ne6 16. Qxd8 Rxd8 17. Nxe6 Bxe6 18. Be4 Bd5 19. Bxd5 Rxd5 20. a4 Bd4 21. Ra3 Rad8 22. Rb3 Bxe3 23. fxe3 b6 24. Rb4 Rd2 25. Rf2 Rd1+ 26. Rf1 R1d2 27. Rf2 Rd1+ 28. Rf1 R1d2 29. Rf2 Rd1+ 30. Rf1 R1d2 31. Rf2 Rd1+ 32. Rf1 1/2-1/2

[Event "Samara Polugaevsky Memorial 7th"]
[Site "Samara"]
[Date "2017.07.10"]
[Round "3"]
[White "Pogorelskikh, Sergey"]
[Black "Morgachev, Sergey"]
[Result "1-0"]
[WhiteElo "2223"]
[BlackElo "1835"]
[PlyCount "175"]
[EventDate "2017.07.08"]
[EventType "swiss"]
[EventRounds "9"]
[EventCountry "RUS"]
[SourceTitle "EXT 2018"]
[Source "ChessBase"]
[SourceDate "2017.10.13"]
[SourceVersion "1"]
[SourceVersionDate "2017.10.13"]
[SourceQuality "1"]

1. e4 c5 2. Nc3 Nc6 3. g3 g6 4. Bg2 Bg7 5. d3 e6 6. f4 Nge7 7. Nf3 0-0 8. 0-0 d6 9. Be3 Nd4 10. Rb1 Rb8 11. Ne2 Nxf3+ 12. Bxf3 b6 13. d4 Bb7 14. c4 Qc7 15. b3 Rfe8 16. Rc1 Rbd8 17. Qd3 Qb8 18. Bf2 Qa8 19. Nc3 Nc6 20. Nb5 Qb8 21. d5 exd5 22. exd5 Ne7 23. g4 f5 24. g5 Bc8 25. Rfe1 Bd7 26. h4 Nc8 27. h5 a6 28. Nc3 Rxe1+ 29. Rxe1 Re8 30. h6 Rxe1+ 31. Bxe1 Bh8 32. Ne2 Qc7 33. Bc3 Bxc3 34. Qxc3 Be8 35. Ng3 Qe7 36. Kf2 Qc7 37. Bg2 Qe7 38. Bh3 Bd7 39. a3 a5 40. Bf1 Be8 41. Bd3 Bd7 42. b4 axb4 43. axb4 Qf7 44. Qb2 Qe7 45. Ne2 Be8 46. Nc3 Qc7 47. Na2 Qa7 48. Ke2 Qe7+ 49. Kd2 Qa7 50. Nc1 Qc7 51. Qa1 Qa7 52. Qf6 Qe7 53. Qb2 Qa7 54. Kc2 Qc7 55. Kb1 Qa7 56. Ne2 Qe7 57. Kc2 Ba4+ 58. Kd2 Be8 59. Ng3 Bd7 60. Bc2 Qf7 61. Bd3 Qe7 62. Nf1 Be8 63. Ne3 Bd7 64. Bc2 Qf7 65. Qa1 Qe7 66. Ba4 Bxa4 67. Qxa4 Kf7 68. Qa1 Kg8 69. Nc2 Qa7 70. Qb2 Qe7 71. Kc3 Qa7 72. Kb3 Qe7 73. Qa1 Qa7 74. Qf6 Qd7 75. Na3 Qe7 76. Qxe7 Nxe7 77. Ka4 Nc8 78. Kb5 cxb4 79. Kxb4 Na7 80. Nb5 Nc8 81. Nd4 Na7 82. Nc6 Nc8 83. Kb5 Kf8 84. Ka6 Ke8 85. Na7 Ne7 86. Kxb6 Kd7 87. Nc6 Ng8 88. Kb7 1-0

[Event "RUS-chT U14"]
[Site "Sochi"]
[Date "2017.05.08"]
[Round "7.3"]
[White "Kopylov, Artem"]
[Black "Morgachev, Sergey"]
[Result "1-0"]
[WhiteElo "1481"]
[BlackElo "1814"]
[PlyCount "123"]
[EventDate "2017.05.01"]
[EventType "team-tourn"]
[EventRounds "9"]
[EventCountry "RUS"]
[SourceTitle "CBM 178 Extra"]
[Source "ChessBase"]
[SourceDate "2017.06.22"]
[SourceVersion "1"]
[SourceVersionDate "2017.06.22"]
[SourceQuality "1"]

1. d4 Nf6 2. c4 e6 3. Nc3 Bb4 4. f3 c5 5. d5 0-0 6. e4 d6 7. Bd3 Nbd7 8. Nge2 Ne5 9. 0-0 exd5 10. cxd5 Nxd3 11. Qxd3 a6 12. a4 h6 13. Ng3 Re8 14. Bf4 Qc7 15. Kh1 c4 16. Qc2 Bd7 17. Rac1 b5 18. Nce2 Bc5 19. Rfd1 Qb6 20. Qc3 b4 21. Qxc4 Bxa4 22. b3 Bb5 23. Qc2 Bd7 24. Qb2 Nh7 25. Nd4 f6 26. Ngf5 a5 27. Nc6 Bxf5 28. exf5 Be3 29. Bxe3 Rxe3 30. Nd4 Ree8 31. Rc6 Qb7 32. Ne6 Rac8 33. Rdc1 Nf8 34. Qc2 Rxc6 35. Qxc6 Qxc6 36. Rxc6 Nxe6 37. fxe6 Rd8 38. Ra6 Kf8 39. Rxa5 Rc8 40. h3 Rc3 41. Ra6 Rxb3 42. Rxd6 Rd3 43. Rd8+ Ke7 44. Rd7+ Ke8 45. Rxg7 Rxd5 46. Rb7 Re5 47. Rxb4 Rxe6 48. Re4 Rxe4 49. fxe4 Ke7 50. Kh2 Ke6 51. Kg3 f5 52. Kf4 fxe4 53. Kxe4 Kf6 54. Kf4 Kg6 55. g4 Kf6 56. h4 Ke6 57. Ke4 Kf6 58. Kd5 Kf7 59. Ke5 Ke7 60. h5 Kf7 61. Kf5 Kg7 62. Ke6 1-0

[Event "RUS-chT U14"]
[Site "Sochi"]
[Date "2017.05.07"]
[Round "6.3"]
[White "Morgachev, Sergey"]
[Black "Makoveev, Ilya"]
[Result "0-1"]
[WhiteElo "1814"]
[BlackElo "2246"]
[PlyCount "62"]
[EventDate "2017.05.01"]
[EventType "team-tourn"]
[EventRounds "9"]
[EventCountry "RUS"]
[SourceTitle "CBM 178 Extra"]
[Source "ChessBase"]
[SourceDate "2017.06.22"]
[SourceVersion "1"]
[SourceVersionDate "2017.06.22"]
[SourceQuality "1"]

1. d4 Nf6 2. c4 g6 3. Nc3 d5 4. Nf3 Bg7 5. Bg5 Ne4 6. cxd5 Nxg5 7. Nxg5 e6 8. Nf3 exd5 9. e3 0-0 10. b4 c6 11. Bd3 Nd7 12. 0-0 Re8 13. Rc1 Nf8 14. b5 Bd7 15. bxc6 bxc6 16. Na4 Ne6 17. Nc5 Nxc5 18. Rxc5 Bf8 19. Rc1 Bd6 20. Nd2 Qg5 21. Re1 Re7 22. Nb3 Rae8 23. Nc5 Bg4 24. Be2 Rxe3 25. fxe3 Qxe3+ 26. Kh1 Qh6 27. h3 Qf4 28. Kg1 Bxe2 29. Rxe2 Rxe2 30. Qxe2 Qxc1+ 31. Kf2 Qf4+ 0-1

[Event "Samara Polugaevsky Memorial 6th"]
[Site "Samara"]
[Date "2016.07.10"]
[Round "8"]
[White "Bagaeva, Maria"]
[Black "Morgachev, Sergey"]
[Result "0-1"]
[WhiteElo "1548"]
[BlackElo "1737"]
[PlyCount "66"]
[EventDate "2016.07.03"]
[EventType "swiss"]
[EventRounds "9"]
[EventCountry "RUS"]
[SourceTitle "EXT 2019"]
[Source "ChessBase"]
[SourceDate "2018.10.10"]
[SourceVersion "1"]
[SourceVersionDate "2018.10.10"]
[SourceQuality "1"]

1. e4 e6 2. d4 d5 3. Nc3 Bb4 4. a3 Bxc3+ 5. bxc3 dxe4 6. Qg4 Nf6 7. Qxg7 Rg8 8. Qh6 Rg6 9. Qe3 Bd7 10. Ne2 Bc6 11. Nf4 Rg8 12. h3 Nbd7 13. g4 Nb6 14. c4 Qe7 15. g5 Nfd7 16. c5 Nd5 17. Nxd5 exd5 18. Qg3 Nf8 19. h4 Ne6 20. Be3 0-0-0 21. a4 f5 22. c3 Qf7 23. Bf4 Nxf4 24. Qxf4 Rde8 25. Kd2 e3+ 26. fxe3 Re4 27. Qf3 f4 28. exf4 Rxf4 29. Qh3+ Bd7 30. Qg3 Rf3 31. Qg1 Qf4+ 32. Kc2 Rf2+ 33. Kb3 Qd2 0-1

[Event "Samara Polugaevsky Memorial 6th"]
[Site "Samara"]
[Date "2016.07.08"]
[Round "6"]
[White "Zaika, Daniil"]
[Black "Morgachev, Sergey"]
[Result "1-0"]
[WhiteElo "2013"]
[BlackElo "1737"]
[PlyCount "111"]
[EventDate "2016.07.03"]
[EventType "swiss"]
[EventRounds "9"]
[EventCountry "RUS"]
[SourceTitle "EXT 2019"]
[Source "ChessBase"]
[SourceDate "2018.10.10"]
[SourceVersion "1"]
[SourceVersionDate "2018.10.10"]
[SourceQuality "1"]

1. d4 Nf6 2. c4 e6 3. Nc3 Bb4 4. Qc2 d6 5. Nf3 Nbd7 6. a3 Bxc3+ 7. Qxc3 Ne4 8. Qc2 f5 9. e3 Ndf6 10. Bd3 0-0 11. 0-0 Qe7 12. Ne1 Ng5 13. f3 Nf7 14. b4 b6 15. Bb2 g6 16. e4 fxe4 17. Bxe4 Nxe4 18. Qxe4 Rb8 19. Nd3 Bb7 20. Qe3 Qg5 21. Qe2 Rbe8 22. Rae1 Qd8 23. Qd2 Re7 24. Nf2 d5 25. Ng4 Nd6 26. c5 Nc4 27. Qc1 Nxb2 28. Qxb2 Qd7 29. b5 Qd8 30. Re5 Bc8 31. Rfe1 Kg7 32. Qd2 Ref7 33. Qh6+ Kh8 34. Nf2 Rf5 35. Nh3 Rxe5 36. Rxe5 Qf6 37. Ng5 Qg7 38. Qxg7+ Kxg7 39. Nxe6+ Bxe6 40. Rxe6 Kf7 41. Rc6 Rc8 42. Kf2 Ke7 43. Kg3 Kd7 44. h4 Re8 45. h5 gxh5 46. Rh6 Rg8+ 47. Kh3 Rg7 48. Rxh5 c6 49. cxb6 axb6 50. Rh6 c5 51. Rxb6 cxd4 52. Rb7+ Ke6 53. Rxg7 d3 54. Rg4 d2 55. Rd4 Ke5 56. Rxd2 1-0

[Event "Samara Polugaevsky Memorial 6th"]
[Site "Samara"]
[Date "2016.07.06"]
[Round "4"]
[White "Martynyuk, Elizaveta"]
[Black "Morgachev, Sergey"]
[Result "1-0"]
[WhiteElo "2045"]
[BlackElo "1737"]
[PlyCount "83"]
[EventDate "2016.07.03"]
[EventType "swiss"]
[EventRounds "9"]
[EventCountry "RUS"]
[SourceTitle "EXT 2019"]
[Source "ChessBase"]
[SourceDate "2018.10.10"]
[SourceVersion "1"]
[SourceVersionDate "2018.10.10"]
[SourceQuality "1"]

1. e4 e6 2. d4 d5 3. Nc3 dxe4 4. Nxe4 Nd7 5. Nf3 Ngf6 6. Nxf6+ Nxf6 7. Bd3 c5 8. Be3 cxd4 9. Bxd4 Be7 10. 0-0 0-0 11. Qe2 Qa5 12. Ne5 Rd8 13. Bc3 Qc7 14. Rae1 Nd5 15. Bxh7+ Kxh7 16. Qh5+ Kg8 17. Qxf7+ Kh7 18. Nd7 Nxc3 19. Nf6+ Bxf6 20. Qxc7 Nd5 21. Qf7 Bd7 22. Qh5+ Kg8 23. c4 Nb4 24. Re3 Nc2 25. Rh3 Nd4 26. b3 e5 27. Qh7+ Kf7 28. Re3 Bf5 29. Qh5+ Bg6 30. Qg4 Bf5 31. Qh5+ Bg6 32. Qh3 Bf5 33. g4 Rh8 34. Qg2 Bc8 35. g5 Be7 36. f4 Bh3 37. Rxh3 Ne2+ 38. Qxe2 Rxh3 39. fxe5+ Ke8 40. Qg2 Rd3 41. Qxb7 Rad8 42. Qc6+ 1-0

[Event "Samara Polugaevsky Memorial 6th"]
[Site "Samara"]
[Date "2016.07.03"]
[Round "1"]
[White "Morgachev, Sergey"]
[Black "Galaktionov, Artem"]
[Result "0-1"]
[WhiteElo "1737"]
[BlackElo "2269"]
[PlyCount "60"]
[EventDate "2016.07.03"]
[EventType "swiss"]
[EventRounds "9"]
[EventCountry "RUS"]
[SourceTitle "EXT 2019"]
[Source "ChessBase"]
[SourceDate "2018.10.10"]
[SourceVersion "1"]
[SourceVersionDate "2018.10.10"]
[SourceQuality "1"]

1. d4 d5 2. c4 e6 3. Nc3 Be7 4. Nf3 Nf6 5. Bf4 0-0 6. e3 Nbd7 7. c5 c6 8. Bd3 b6 9. b4 a5 10. a3 Ba6 11. 0-0 Bxd3 12. Qxd3 Nh5 13. Rfe1 Ra7 14. Qc2 Nxf4 15. exf4 Qa8 16. Ra2 axb4 17. axb4 Rxa2 18. Nxa2 Bf6 19. Nc3 Qa3 20. Rb1 bxc5 21. Rb3 Qa6 22. bxc5 Qc4 23. Ne5 Bxe5 24. fxe5 Qxd4 25. Ne2 Qxe5 26. f4 Qa1+ 27. Kf2 Qa5 28. Rc3 Nf6 29. Ng3 Qb5 30. Kf3 Rb8 0-1

[Event "Samara Polugaevsky Memorial 5th"]
[Site "Samara"]
[Date "2015.07.10"]
[Round "8"]
[White "Morgachev, Sergey"]
[Black "Rumyantsev, Nikolay"]
[Result "1/2-1/2"]
[WhiteElo "1688"]
[BlackElo "1697"]
[PlyCount "70"]
[EventDate "2015.07.03"]
[EventType "swiss"]
[EventRounds "9"]
[EventCountry "RUS"]
[SourceTitle "EXT 2017"]
[Source "ChessBase"]
[SourceDate "2016.10.25"]
[SourceVersion "1"]
[SourceVersionDate "2016.10.25"]
[SourceQuality "1"]

1. d4 Nf6 2. c4 e5 3. dxe5 Ng4 4. e4 Nxe5 5. f4 Nbc6 6. Be3 Ng6 7. Nd2 b6 8. Ngf3 f6 9. a3 Bb7 10. Qc2 d6 11. Bd3 Qd7 12. h3 Qf7 13. Nb3 Be7 14. Nbd4 0-0-0 15. b4 Rhe8 16. Nxc6 Bxc6 17. b5 Bb7 18. 0-0 Bf8 19. a4 Qe7 20. Nd2 Kb8 21. a5 f5 22. axb6 axb6 23. Ra4 fxe4 24. Be2 d5 25. Qa2 d4 26. Ra1 c5 27. bxc6 Bxc6 28. Ra8+ Kc7 29. Ra7+ Bb7 30. Qa6 Kc6 31. Qb5+ Kc7 32. Qa6 Kc6 33. Qb5+ Kc7 34. Qa6 Kc6 35. Qb5+ Kc7 1/2-1/2